|
|
|
|
| LEADER |
00765nab a2200217 i 4500 |
| 001 |
misc3511 |
| 005 |
20191106141853.0 |
| 008 |
170607s1945 hu o 0|| hun d |
| 040 |
|
|
|a SZTE Miscellanea Repozitórium
|b hun
|
| 041 |
|
|
|a hun
|
| 100 |
1 |
|
|a Puškin Aleksandr Sergeevič
|
| 245 |
1 |
0 |
|a Orosz költők
|h [elektronikus dokumentum] /
|c Puškin Aleksandr Sergeevič
|
| 260 |
|
|
|c 1945
|
| 300 |
|
|
|a 19-24
|
| 490 |
0 |
|
|a Irodalom, tudomány : a Magyar-Szovjet Művelődési Társaság folyóirata
|v 1 No. 1
|
| 695 |
|
|
|a Orosz irodalom - vers
|
| 700 |
0 |
1 |
|a Lermontov Mihail Ur'evic
|e aut
|
| 700 |
0 |
1 |
|a Blum Klara
|e aut
|
| 700 |
0 |
1 |
|a Lányi Sarolta
|e aut
|
| 700 |
0 |
1 |
|a Rónay György
|e aut
|
| 856 |
4 |
0 |
|u http://misc.bibl.u-szeged.hu/3511/1/irtud_001_019-024.pdf
|z Dokumentum-elérés
|